Które miasto w Polsce jest większe - Statystyki

Ogólne statystyki
  • Ten quiz został rozwiązany 140 razy
  • Średni wynik to 4 z 15
Statystyki odpowiedzi
Zagadnienie Odpowiedź % Poprawnych
Ełk czy Świeradów-Zdrój Ełk
80%
Częstochowa czy Gliwice Częstochowa
40%
Nidzica czy Poddębice Nidzica
40%
Kalisz czy Tarnów Tarnów
40%
Lubin czy Zgierz Zgierz
40%
Cieszyn czy Nysa Cieszyn
20%
Bydgoszcz czy Dąbrowa Górnicza Dąbrowa Górnicza
20%
Bełchatów czy Jasło Jasło
20%
Gorzów Wielkopolski czy Płock Płock
20%
Przemyśl czy Słupsk Przemyśl
20%
Poznań czy Zielona Góra Zielona Góra
20%
Bielsko-Biała czy Toruń Bielsko-Biała
0%
Jelenia Góra czy Sosnowiec Jelenia Góra
0%
Bochnia czy Kazimierz Dolny Kazimierz Dolny
0%
Mielec czy Sieradz Sieradz
0%
Nie znaleziono quizów pasujących do podanych kryteriów
Rozkład punktacji
Procent ludzi z każdym wynikiem
Percentyl według liczby udzielonych odpowiedzi
Twoja historia wyników
Nie rozwiązałeś tego quizu